000 00752nam a2200253Ia 4500
003 GCL
008 140319s9999 xx 000 0 ara d
040 _aGCL /
_cGCL
082 0 4 _a350.101
_bس ط
100 1 _aسلوى عثمان الصديقى
245 1 0 _aطريقة العمل مع الافراد /
_cسلوى عثمان الصديقى
260 _a[S.N] :
_bالمكتب الجامعى الحديث ،
_c1991
300 _a445
490 _a
650 0 4 _aالاقتصاد
650 0 4 _aخدمة الفرد
650 0 4 _aالاسرة
650 0 4 _aالخدمة الاجتماعية
650 0 4 _aنظريات
650 0 4 _aالادارة العامة
650 0 4 _aالافراد
650 0 4 _aالمسنون
942 _2ddc
_cBK
999 _c28916
_d28916